|
|
|
|
| LEADER |
00000cam a2200000 7i4500 |
| 001 |
0000002179 |
| 005 |
20050623.0 |
| 020 |
|
|
|a 080182141x
|
| 040 |
|
|
|a INS
|
| 090 |
0 |
0 |
|a HT169.5.
|b M63 1979
|
| 100 |
1 |
|
|a Rakesh Mohan
|
| 245 |
1 |
0 |
|a Urban economics and planning models :
|b Assessing the potential for cities in developing countries
|c Rakesh Mohan
|
| 260 |
|
|
|a London :
|b The John Hopkins University Press ,
|c c1979
|
| 300 |
|
|
|a viiip ;
|c 180p.
|
| 650 |
0 |
0 |
|a Underdevelop areas
|x cities and towns
|x mathematical models
|
| 650 |
0 |
0 |
|a Underdeveloped areas
|x city planning
|x mathematical models
|
| 999 |
|
|
|a 0000000662
|b BOOK
|c Open Shelf
|e Default branch
|